000
00254nam a2200109Ia 4500
008
230907s9999||||xx |||||||||||||| ||und||
082
_a
621.4022
_b
CHA
245
0
_a
Heat transfer /
260
_a
Pearson,
_b
Noida :
_c
2016
300
_a
608 p.
942
_c
BK
999
_c
600294
_d
600294